V4: nechceme byť v únii druhoradí Slovensko je oddnes na pol roka predsedníckou ...

Bibliographic Details
Main Author: Rybanský, Milan (Author)
Format: Article
Language:Slovak
PhysicalDescription:Fotogr.
ISSN:1335-4671
Subjects:

MARC

LEADER 00000nab a2200000 a 4500
001 vtls000800305
003 SK-MaSNL
005 20260303195326.0
008 160324c2002 xo 0 slo
015 |a SNBRB2002/07-22242 
035 |a CLN000151960 
040 |a SNKBUCL  |b slo  |c SNKBUCL  |e AACR2 
041 0 |a slo 
044 |a xo  |c SK 
080 |a 327.39(4-191.2)  |2 1997 
100 1 |a Rybanský, Milan  |4 aut  |9 709305 
245 1 0 |a V4: nechceme byť v únii druhoradí  |b Slovensko je oddnes na pol roka predsedníckou ...  |c Milan Rybanský 
300 |b Fotogr. 
610 2 7 |a Vyšehradská skupina  |2 SNKKA  |9 183397 
655 7 |a články z novín a časopisov  |2 snkbucl  |9 267496 
773 0 |x 1335-4671  |t Národná obroda  |g Roč. 13, č. 151 (1.7.2002), s. 9 
850 |a Slovenská národná knižnica v Martine 
852 |a SNK  |b KIS3GCP 
958 |a SK 
958 |a PL 
958 |a CZ 
958 |a HU 
958 |a RBX 
999 |c 2161981  |d 2163911